000 00591nam a2200265Ia 4500
005 20260306163636.0
008 008 260114s9999 xx 000 0 eng d
020 _a9780226489063
037 _aEBOOK
040 _aCRL
040 _beng
040 _cCRL
041 _2eng
041 _aeng
084 _qCRL
100 _aMelly
_91129059
245 0 _aBottleneck
260 _bUniversity of Chicago Press
260 _c2018
650 _aSocial Work
856 _uhttps://academic.oup.com/book/13036
942 _cEBOOK
999 _c1710912
_d1710912